000 00547nam a22001697a 4500
005 20241125110217.0
008 241125b |||||||| |||| 00| 0 eng d
020 _a987-654321
082 _a617.70757
_bDIA
245 _aDiagnostic Imaging in Ophthalmology/
_cEdited by Carlos F. Gonzalez ; Melvin H. Becker ; Joseph C. Flanagan
260 _aTokyo :
_bSpringer-Verlag ;
_c1985.
300 _axi, 366 p. :
_bill ;
_c26 cm.
500 _aInclude Index.
650 _aMedical / Ophthalmology
700 _aMelvin H. Becker (Editor)
999 _c36790
_d36790